|
|
|
|
| LEADER |
00000cam a2200000 c 4500 |
| 001 |
798454024 |
| 003 |
DE-627 |
| 005 |
20251008180518.0 |
| 007 |
tu |
| 008 |
141014s2015 xxu||||| 00| ||eng c |
| 010 |
|
|
|a 2014040432
|
| 020 |
|
|
|a 9780739189726
|c : hbk
|9 978-0-7391-8972-6
|
| 020 |
|
|
|z 9780739189733
|
| 035 |
|
|
|a (DE-627)798454024
|
| 035 |
|
|
|a (DE-599)GBV798454024
|
| 035 |
|
|
|a (OCoLC)906887315
|
| 040 |
|
|
|a DE-627
|b ger
|c DE-627
|e rda
|
| 041 |
|
|
|a eng
|
| 044 |
|
|
|c XD-US
|c XA-GB
|
| 050 |
|
0 |
|a K3240
|
| 082 |
0 |
|
|a 345/.0288
|q LOC
|2 23
|
| 084 |
|
|
|a 1
|a 0
|a 2,1
|2 ssgn
|
| 084 |
|
|
|a BE 2240
|2 rvk
|0 (DE-625)rvk/10496:
|
| 084 |
|
|
|a BE 2830
|q BVB
|2 rvk
|0 (DE-625)rvk/10547:
|
| 100 |
1 |
|
|a Gubo, Darara
|d 1979-
|e VerfasserIn
|0 (DE-588)1089681216
|0 (DE-627)851124755
|0 (DE-576)460071971
|4 aut
|
| 109 |
|
|
|a Gubo, Darara 1979-
|a Gubo, Darara Timotewos 1979-
|
| 245 |
1 |
0 |
|a Blasphemy and defamation of religions in a polarized world
|b how religious fundamentalism is challenging fundamental human rights
|c Darara Gubo
|
| 264 |
|
1 |
|a Lanham
|a Boulder
|a New York
|a London
|b Lexington Books
|c [2015]
|
| 264 |
|
4 |
|c © 2015
|
| 300 |
|
|
|a xii, 183 Seiten
|c 24 cm
|
| 336 |
|
|
|a Text
|b txt
|2 rdacontent
|
| 337 |
|
|
|a ohne Hilfsmittel zu benutzen
|b n
|2 rdamedia
|
| 338 |
|
|
|a Band
|b nc
|2 rdacarrier
|
| 500 |
|
|
|a Includes bibliographical references and index
|
| 505 |
8 |
|
|a Religious freedom : its history and recognitionBlasphemy and organization of Islamic cooperation -- Europe and blasphemy laws -- Conclusion and recommendation.
|
| 520 |
|
|
|a Religious freedom : its history and recognition -- Blasphemy and organization of Islamic cooperation -- Europe and blasphemy laws -- Conclusion and recommendations
|
| 650 |
|
0 |
|a Human Rights
|x Religious aspects
|
| 650 |
|
0 |
|a Freedom Of Religion
|
| 650 |
|
0 |
|a Freedom of speech
|
| 650 |
|
0 |
|a Blasphemy
|
| 650 |
|
0 |
|a Blasphemy (Islam)
|
| 650 |
|
0 |
|a Religious Fundamentalism
|
| 650 |
|
0 |
|a Human Rights
|x Religious aspects
|x Islam
|
| 650 |
|
0 |
|a Freedom of speech
|x Religious aspects
|x Islam
|
| 689 |
0 |
0 |
|d s
|0 (DE-588)4157953-7
|0 (DE-627)105496790
|0 (DE-576)209838388
|a Gotteslästerung
|2 gnd
|
| 689 |
0 |
1 |
|d s
|0 (DE-588)4296178-6
|0 (DE-627)104164549
|0 (DE-576)210985100
|a Religiöser Pluralismus
|2 gnd
|
| 689 |
0 |
2 |
|d s
|0 (DE-588)4125186-6
|0 (DE-627)105742090
|0 (DE-576)209574488
|a Religionsfreiheit
|2 gnd
|
| 689 |
0 |
3 |
|d s
|0 (DE-588)4137178-1
|0 (DE-627)104458224
|0 (DE-576)209675438
|a Fundamentalismus
|2 gnd
|
| 689 |
0 |
|
|5 DE-101
|
| 787 |
0 |
8 |
|i Rezensiert in
|a Sadri, Armis
|t [Rezension von: Gubo, Darara, 1979-, Blasphemy and defamation of religions in a polarized world]
|d 2017
|w (DE-627)1934621110
|
| 936 |
r |
v |
|a BE 2240
|b Religion und Gesellschaft, Gesamtdarstellungen
|k Theologie und Religionswissenschaften
|k Religionswissenschaft
|k Systematische Religionswissenschaft
|k Religion und verschiedene Lebensbereiche
|k Religion und Gesellschaft, verschiedene Perspektiven
|k Religion und Gesellschaft, Gesamtdarstellungen
|0 (DE-627)1270718703
|0 (DE-625)rvk/10496:
|0 (DE-576)200718703
|
| 936 |
r |
v |
|a BE 2830
|b Fundamentalismus, Extremismus allgemein
|k Theologie und Religionswissenschaften
|k Religionswissenschaft
|k Systematische Religionswissenschaft
|k Religionsphänomenologie
|k Religiöse Organisation und Rollen
|k Fundamentalismus, Extremismus allgemein
|0 (DE-627)1270658875
|0 (DE-625)rvk/10547:
|0 (DE-576)200658875
|
| 951 |
|
|
|a BO
|
| ELC |
|
|
|b 1
|
| ORI |
|
|
|a SA-MARC-krimdok_oa001.raw
|